ბათუმის შოთა რუსთაველის სახელმწიფო უნივერსიტეტის ბიბლიოთეკა

Early Greek armour and weapons : (ბიბ.ჩანაწერი № 60992)

000 -LEADER
fixed length control field 00651nam a22001697a 4500
005 - DATE AND TIME OF LATEST TRANSACTION
control field 20231205094830.0
008 - FIXED-LENGTH DATA ELEMENTS--GENERAL INFORMATION
fixed length control field 231205b xxu||||| |||| 00| 0 geo d
041 ## - LANGUAGE CODE
Language code of text/sound track or separate title eng
080 ## - UNIVERSAL DECIMAL CLASSIFICATION NUMBER
Universal Decimal Classification number 902.6(38) S-69
100 ## - MAIN ENTRY--PERSONAL NAME
Personal name Snodgrass, A. M.
9 (RLIN) 19646
245 ## - TITLE STATEMENT
Title Early Greek armour and weapons :
Remainder of title From the end of the bronze age to 600 B.C /
Statement of responsibility, etc. A. M. Snodgrass.
264 ## - PRODUCTION, PUBLICATION, DISTRIBUTION, MANUFACTURE, AND COPYRIGHT NOTICE
Place of production, publication, distribution, manufacture Edinburgh,
Date of production, publication, distribution, manufacture, or copyright notice 1964.
300 ## - PHYSICAL DESCRIPTION
Extent 280 p.:
Other physical details ill.;
Dimensions 25 cm.
653 ## - INDEX TERM--UNCONTROLLED
keyword ბრინჯაოს ხანის ბოლოდან 600 წ. წბერძნული ჯავშანი
653 ## - INDEX TERM--UNCONTROLLED
keyword ბერძნული იარაღი
942 ## - ADDED ENTRY ELEMENTS (KOHA)
Source of classification or shelving scheme
Koha item type წიგნი
ეგზემპლარები
Withdrawn status Lost status Source of classification or shelving scheme Damaged status Not for loan Permanent Location Current Location Shelving location Date acquired Cost, normal purchase price Full call number Barcode Date last seen Copy number Uniform Resource Identifier Price effective from Koha item type Public note
          ბათუმის შოთა რუსთაველის სახელმწიფო უნივერსიტეტის მთავარი ბიბლიოთეკა ბათუმის შოთა რუსთაველის სახელმწიფო უნივერსიტეტის მთავარი ბიბლიოთეკა წიგნსაცავი 2023-12-05 10.00 902.6(38) S-69 65517 2023-12-05 65517 ბსუ-ს საპატიო დოქტორის გურამ ლორთქიფანიძის საჩუქარი 2023-12-05 წიგნი 10 ლ.